000 00461nam a2200193Ia 4500
005 20250423095241.0
008 250422s9999 xx 000 0 und d
020 _a81-207-1880-1
050 _aGF 28 .P36/
100 _aPanneerselvam, A.
245 0 _aEnvironmental science education
250 _a2nd ed.
260 _aNew Delhi
260 _bSterling Publisher Pvt.Ltd
260 _c2007
300 _a128 p
650 _aEducation
942 _cBK
999 _c29702
_d29702